Statistics for Among us STA Studios (YouTube channel)

Click here to take the quiz!

General Stats

  • This quiz has been taken 147 times
    (115 since last reset)
  • The average score is 13 of 15

Answer Stats

QuestionAnswer% Correct
Who is Snowball's girlfriend?Sandy
96%
What color does Snowball wear?White
95%
Who did Your Mom have a crush on?Mr. Pepperoni Man
92%
Who wears the color: brown?Poop
92%
Who has the color maroon?Chloe
91%
Who wears the color: gray?Pigeon
91%
Who is Chloe's boyfriend?Jeff
88%
What pet did Sandy get?A dog
87%
What color is Darth Tater?Orange
87%
What color does Mrs. Potato wear?Orange
87%
What color does Chester wear?Cyan
86%
What color does Banana wear?Yellow
82%
Who wears the color: coral?Peach
81%
Who is the impostor in the video "Among us but crewmates have infinite lives"Chester
67%
Who did Sandy have a crush on in the video "Among us but with everyone as an impostor"?Jeff
40%

Score Distribution

Percentile by Number Answered

Percent of People with Each Score

Your Score History

You have not taken this quiz since the last reset